00821 2200289 4500001002100000005001700021008004100038020001800079035002400097082001000121090001600131245006900147260004100216300003100257440004000288500002800328500002500356500001100381650003600392700001900428700001900447850001600466980001300482985000600495999001500501990001500516YOGYA-0209000006403920090227040243.0 ind  a979-537-038-3 0010-020900000064039 a658.3 a658.3bgKre aKREATIVITAScdiedit oleh Dale Timpe ; alih bahasa, Sofyan Cikmat aJakartabElex Media Komputindoc1992 axvii, 453 hlmbilusc24 cm aSeri ilmu dan seni manajemen bisnis aJudul asli : Creativity aTermasuk bibliografi aIndeks aManajemen pegawai - Perencanaan aTimpe, A. Dale aCikmat, Sofyan aYOPDYOG (B) a01-10-06 a1 a94P0052035 a52035-P/94